[Event "Ch South America"]
[Site "masterchessopen.com - Cali (Colombia)"]
[Date "2007.07.11"]
[Round "2"]
[White "Gurevich Dmitry (USA)"]
[Black "Gutierrez Jose A (COL)"]
[Result "1-0"]
[WhiteElo "2509"]
[BlackElo "2271"]

1.d4 Nf6 2.c4 c5 3.d5 e6 4.Nc3 exd5 5.cxd5 d6 6.e4 g6 7.f4 Bg7 8.Bb5+ Nfd7
9.a4 O-O 10.Nf3 a6 11.Be2 Re8 12.O-O Nf6 13.e5 dxe5 14.fxe5 Nfd7 15.Bg5 Qb6
16.d6 Qxb2 17.Nd5 Rxe5 18.Qc1 Nc6 {#r} 1-0

[Event "It (open)"]
[Site "masterchessopen.com - Tibor (Czech Republic)"]
[Date "2007.07.30"]
[Round "2"]
[White "Slajs Vlastimil (CZE)"]
[Black "Borisova Elizaveta (RUS)"]
[Result "0-1"]
[WhiteElo "2008"]
[BlackElo "2266"]

1.d4 Nf6 2.c4 e6 3.Nc3 c5 4.d5 exd5 5.cxd5 d6 6.e4 g6 7.f4 Bg7 8.Bb5+ Nfd7
9.a4 Qh4+ 10.g3 Qe7 11.Nge2 O-O 12.O-O Nf6 13.Qc2 Na6 14.Bd2 Nb4 15.Qb1 Bh3
16.Re1 a6 17.Bc4 Qd7 18.Nc1 h5 19.Nd3 Ng4 20.Ne2 b5 21.Nxb4 cxb4 22.axb5 Qa7+
{#R} 0-1

[Event "It (open) \"]
[Site "masterchessopen.com - Nuernberg (Germany)"]
[Date "2007.09.08"]
[Round "5"]
[White "Kreuzer Helmut (GER)"]
[Black "Kopylov Mihail (UKR)"]
[Result "0-1"]
[WhiteElo "2105"]
[BlackElo "2472"]

1.d4 Nf6 2.c4 c5 3.d5 e6 4.Nc3 exd5 5.cxd5 d6 6.e4 g6 7.f4 Bg7 8.Bb5+ Nfd7
9.a4 O-O 10.Nf3 Na6 11.O-O Nc7 12.Bd3 a6 13.Kh1 Rb8 14.a5 Nf6 15.f5 Nb5 16.Ng5
Nd4 17.fxg6 fxg6 18.Qe1 Ng4 19.Nf3 b5 20.axb6 Rxb6 21.Nd2 Rxf1+ 22.Nxf1 Nb3
23.Rb1 Nxc1 24.Rxc1 Rxb2 25.Nd1 Ra2 26.Bc4 Qg5 27.Rb1 Rc2 28.Rb8 Rxc4 29.Rxc8+
Bf8 30.Qg3 Qf6 31.Nd2 Nf2+ {#R} 0-1

[Event "Ch Europe (juniors) (under 14)"]
[Site "masterchessopen.com - Sibenik (Croatia)"]
[Date "2007.09.21"]
[Round "8"]
[White "Kosmas-Lekkas Dimitiros (GRE)"]
[Black "Kaphle Stephan (GER)"]
[Result "1-0"]
[WhiteElo "1998"]
[BlackElo "2147"]

1.d4 Nf6 2.c4 c5 3.d5 e6 4.Nc3 exd5 5.cxd5 d6 6.e4 g6 7.f4 Bg7 8.Bb5+ Nfd7
9.a4 Na6 10.Nf3 Nb4 11.O-O h6 12.Bxd7+ Bxd7 13.e5 O-O 14.Ne4 dxe5 15.fxe5 Bg4
16.h3 Bxf3 17.Qxf3 Bxe5 18.Bxh6 Nxd5 19.Bxf8 Qxf8 20.Ng5 Bd4+ 21.Kh1 Ne3
22.Qxb7 Rb8 23.Qc7 Nxf1 24.Rxf1 Qe8 25.Nxf7 Qc8 26.Qd6 Qf8 27.Nh6+ {#r} 1-0

[Event "It (open)"]
[Site "masterchessopen.com - Miami (USA)"]
[Date "2007.09.26"]
[Round "1"]
[White "Krush Irina (USA)"]
[Black "Akopian Robert (USA)"]
[Result "1-0"]
[WhiteElo "2475"]
[BlackElo "2150"]

1.d4 Nf6 2.c4 c5 3.d5 e6 4.Nc3 exd5 5.cxd5 d6 6.e4 g6 7.f4 Bg7 8.Bb5+ Nfd7
9.a4 O-O 10.Nf3 Na6 11.O-O Nc7 12.Bd3 a6 13.Re1 Re8 14.Be3 Rb8 15.Bf2 b5
16.axb5 axb5 17.e5 dxe5 18.d6 Ne6 19.fxe5 c4 20.Bf1 Bb7 21.Nd5 Bxd5 22.Qxd5
Nf4 23.Qd2 Nd3 24.Bxd3 cxd3 25.Bd4 Nb6 26.Qxd3 Qd7 27.Ra6 Nd5 28.Ra7 Qg4
29.Qb3 Qe6 30.Ng5 Qxd6 31.exd6 Rxe1+ 32.Kf2 {#r} 1-0

[Event "Ch Belgium (team) 2007/08"]
[Site "masterchessopen.com - Belgium"]
[Date "2007.09.30"]
[Round "1"]
[White "Goossens Etienne (BEL)"]
[Black "Ringoir Guy (BEL)"]
[Result "0-1"]
[WhiteElo "2296"]
[BlackElo "1927"]

1.d4 Nf6 2.c4 c5 3.d5 e6 4.Nc3 exd5 5.cxd5 d6 6.e4 g6 7.f4 Bg7 8.Bb5+ Nfd7
9.a4 Qh4+ 10.g3 Qe7 11.Qe2 O-O 12.Nf3 Re8 13.Bd2 Na6 14.O-O-O Nc7 15.Rhe1 Nxb5
16.Qxb5 a6 17.Qb3 b5 18.e5 c4 19.Qa3 b4 20.Qxb4 Nc5 21.Qxc4 Bf5 22.exd6 Qxd6
23.Rxe8+ Rxe8 24.Ne1 Rc8 25.Qb4 Rb8 {#R} 0-1

[Event "It (open)"]
[Site "masterchessopen.com - Port Erin (England)"]
[Date "2007.09.30"]
[Round "9"]
[White "Obers Frits (NED)"]
[Black "Szieberth Adam (HUN)"]
[Result "0-1"]
[WhiteElo "2073"]
[BlackElo "2305"]

1.c4 Nf6 2.d4 c5 3.d5 e6 4.Nc3 d6 5.e4 exd5 6.cxd5 g6 7.f4 Bg7 8.Bb5+ Nfd7
9.a4 Qh4+ 10.g3 Qd8 11.Nf3 O-O 12.O-O Na6 13.Re1 Nc7 14.Bf1 Nf6 15.h3 Re8
16.Kg2 a6 17.e5 dxe5 18.d6 e4 19.Ng5 Ne6 20.Ngxe4 Nxe4 21.Nxe4 Bd7 22.Kh2 Nd4
23.Bg2 Bc6 24.Bd2 f5 25.Nxc5 Rxe1 26.Bxe1 Bxg2 27.Kxg2 Qxd6 28.Bb4 Qc6+ 29.Kf2
Re8 30.Qh1 Re2+ {#R} 0-1

[Event "It (open)"]
[Site "masterchessopen.com - Fouesnant (France)"]
[Date "2007.10.29"]
[Round "4"]
[White "Jolly Jean-Francois (FRA)"]
[Black "Kozhuharov Spas (BUL)"]
[Result "0-1"]
[WhiteElo "2304"]
[BlackElo "2463"]

1.d4 Nf6 2.c4 e6 3.Nc3 c5 4.d5 exd5 5.cxd5 d6 6.e4 g6 7.f4 Bg7 8.Bb5+ Nfd7
9.a4 Qh4+ 10.g3 Qe7 11.Nf3 O-O 12.O-O Na6 13.e5 dxe5 14.d6 Qd8 15.Ne4 exf4
16.Bxf4 Nb4 17.Qb3 Nc6 18.Be3 a6 19.Bxc6 bxc6 20.Rf2 Rb8 21.Qa2 Qe8 22.Nfg5 h6
23.Nxf7 Rxf7 24.Raf1 Ne5 25.d7 Bxd7 26.Nd6 Qe6 27.Qxe6 Bxe6 28.Nxf7 Nxf7
29.Bxc5 Ng5 {#R} 0-1

[Event "Czech League 2007/08 (2nd) (c)"]
[Site "masterchessopen.com - Czech Republic"]
[Date "2007.11.04"]
[Round "2"]
[White "Danes Jaroslav (CZE)"]
[Black "Bargel Martin (CZE)"]
[Result "1-0"]
[WhiteElo "2201"]
[BlackElo "2144"]

1.d4 Nf6 2.c4 c5 3.d5 e6 4.Nc3 exd5 5.cxd5 d6 6.e4 g6 7.f4 Bg7 8.Bb5+ Nfd7
9.a4 O-O 10.Nf3 Na6 11.O-O Nc7 12.Be2 Rb8 13.Kh1 a6 14.a5 b5 15.axb6 Rxb6
16.Nd2 Rb4 17.Nc4 Nb6 18.Na5 Bxc3 19.bxc3 Rxe4 20.Bf3 Ree8 21.c4 Bf5 22.Qb3
Nd7 23.Bb2 Qe7 24.Qc3 f6 25.Rfe1 Qxe1+ 26.Rxe1 Rxe1+ 27.Qxe1 Rb8 28.g4 Rxb2
29.gxf5 {#r} 1-0

[Event "Czech League 2007/08 (2nd) (f)"]
[Site "masterchessopen.com - Czech Republic"]
[Date "2007.11.04"]
[Round "2"]
[White "Michenka Jozef (CZE)"]
[Black "Benda Ales (CZE)"]
[Result "1-0"]
[WhiteElo "2382"]
[BlackElo "2184"]

1.d4 Nf6 2.c4 e6 3.Nc3 c5 4.d5 exd5 5.cxd5 d6 6.e4 g6 7.f4 Bg7 8.Bb5+ Nfd7
9.a4 O-O 10.Nf3 a6 11.Be2 Re8 12.O-O Bxc3 13.bxc3 Rxe4 14.f5 Ne5 15.Nxe5 dxe5
16.Bf3 Bxf5 17.g4 Bxg4 18.Bxg4 Qh4 19.Bc8 f5 20.Ra2 Rg4+ 21.Kh1 Qd8 22.Bxb7
Ra7 23.Rb2 Qd7 24.d6 {#r} 1-0

[Event "Ch Finland (team) 2007/08"]
[Site "masterchessopen.com - Finland"]
[Date "2007.11.17"]
[Round "4"]
[White "Norri Joose (FIN)"]
[Black "Niemi Kalle (FIN)"]
[Result "1-0"]
[WhiteElo "2349"]
[BlackElo "2291"]

1.d4 Nf6 2.c4 c5 3.d5 e6 4.Nc3 exd5 5.cxd5 d6 6.e4 g6 7.f4 Bg7 8.Bb5+ Nfd7
9.a4 a6 10.Be2 Qh4+ 11.g3 Qe7 12.Nf3 O-O 13.O-O Nf6 14.e5 Ne8 15.Re1 Bg4
16.Ng5 Bxe2 17.Qxe2 Nd7 18.e6 fxe6 19.Nxe6 Rf5 20.g4 Rf7 21.Qf2 Ne5 22.Qg3
{#r} 1-0

[Event "Ch World (juniors) (under 16)"]
[Site "masterchessopen.com - Kemer (Turkey)"]
[Date "2007.11.27"]
[Round "10"]
[White "Akdag Dara (DEN)"]
[Black "Jorczik Julian (GER)"]
[Result "0-1"]
[WhiteElo "2042"]
[BlackElo "2362"]

1.d4 Nf6 2.c4 c5 3.d5 e6 4.Nc3 exd5 5.cxd5 d6 6.e4 g6 7.f4 Bg7 8.Bb5+ Nfd7
9.a4 Qh4+ 10.g3 Qe7 11.Nf3 O-O 12.O-O Na6 13.Re1 Nb4 14.e5 dxe5 15.fxe5 Nxe5
16.Nxe5 Bxe5 17.Bf4 Bd4+ 18.Kg2 Qf6 19.Rc1 Qf5 20.Qf3 Qh3+ 21.Kh1 Bg4 22.Qe4
Qh5 23.d6 Bf3+ {#R} 0-1

[Event "Czech League 2007/08 (2nd) (c)"]
[Site "masterchessopen.com - Czech Republic"]
[Date "2007.12.16"]
[Round "5"]
[White "Vacek Radomir (CZE)"]
[Black "Hradecky Ivo (CZE)"]
[Result "1-0"]
[WhiteElo "2150"]
[BlackElo "2120"]

1.d4 Nf6 2.c4 c5 3.d5 e6 4.Nc3 exd5 5.cxd5 d6 6.e4 g6 7.f4 Bg7 8.Bb5+ Nfd7
9.a4 O-O 10.Nf3 Na6 11.O-O Nc7 12.Bc4 Re8 13.Re1 b6 14.Nb5 Nf6 15.e5 dxe5
16.Nxc7 Qxc7 17.fxe5 Ng4 18.d6 Qd7 19.Bb5 {#r} 1-0

[Event "It (open)"]
[Site "masterchessopen.com - Moscow (Russia)"]
[Date "2008.02.03"]
[Round "2"]
[White "Bukavshin Ivan (RUS)"]
[Black "Isajevsky Anton (RUS)"]
[Result "1-0"]
[WhiteElo "2376"]
[BlackElo "2420"]

1.d4 Nf6 2.c4 c5 3.d5 e6 4.Nc3 exd5 5.cxd5 d6 6.e4 g6 7.f4 Bg7 8.Bb5+ Nfd7
9.a4 O-O 10.Nf3 Na6 11.O-O Nb4 12.Kh1 a6 13.Bxd7 Bxd7 14.f5 Re8 15.g4 c4
16.Bg5 Qc8 17.Qd2 Nd3 18.Bh6 Bh8 19.Ng5 Ne5 20.Qg2 Re7 21.Qh3 Re8 22.fxg6 fxg6
23.Bg7 h5 24.Bxh8 Bxg4 25.Qe3 Kxh8 26.Nf7+ Kg8 27.Nxe5 Rxe5 28.Qh6 Re7 29.Rf6
Rg7 30.Raf1 b5 31.axb5 axb5 32.Nxb5 Qb7 33.Nxd6 {#r} 1-0

[Event "Ch City"]
[Site "masterchessopen.com - Omsk (Russia)"]
[Date "2008.02.07"]
[Round "3"]
[White "Dobronravov Oleg (RUS)"]
[Black "Adamson Konstantin (RUS)"]
[Result "1-0"]
[WhiteElo "2110"]
[BlackElo "2161"]

1.d4 Nf6 2.c4 c5 3.d5 e6 4.Nc3 exd5 5.cxd5 d6 6.e4 g6 7.f4 Bg7 8.Bb5+ Nfd7
9.a4 Qh4+ 10.g3 Qe7 11.Nf3 O-O 12.O-O a6 13.Bd3 Nf6 14.Kg2 Bg4 15.h3 Bxf3+
16.Qxf3 Nbd7 17.Be3 Rab8 18.Bf2 Rfc8 19.Rfe1 {#r} 1-0

[Event "Ch City"]
[Site "masterchessopen.com - Omsk (Russia)"]
[Date "2008.02.10"]
[Round "7"]
[White "Karabut Vladimir (RUS)"]
[Black "Adamson Konstantin (RUS)"]
[Result "1-0"]
[WhiteElo "2178"]
[BlackElo "2161"]

1.d4 Nf6 2.c4 c5 3.d5 e6 4.Nc3 exd5 5.cxd5 d6 6.e4 g6 7.f4 Bg7 8.Bb5+ Nfd7
9.a4 O-O 10.Nf3 Na6 11.O-O Nc7 12.Bxd7 Bxd7 13.f5 gxf5 14.Bg5 f6 15.Bf4 fxe4
16.Nxe4 Ne8 17.Nxd6 Nxd6 18.Bxd6 Bxa4 19.Rxa4 Qxd6 20.Nh4 Rf7 21.Nf5 Qd7
22.Re4 Re8 23.Rxe8+ Qxe8 24.d6 Bf8 25.Re1 Qd7 26.Qd5 c4 27.Re3 Kh8 28.Rg3 Bg7
29.h4 b5 30.Nxg7 {#r} 1-0

[Event "Ch Russia (juniors) (under 16)"]
[Site "masterchessopen.com - Dagomys (Russia)"]
[Round "1"]
[White "Grigoriev Semyon (RUS)"]
[Black "Nozdrachev Vladislav (RUS)"]
[Result "1-0"]
[WhiteElo "2161"]
[BlackElo "2332"]

1.d4 Nf6 2.c4 c5 3.d5 e6 4.Nc3 exd5 5.cxd5 d6 6.e4 g6 7.f4 Bg7 8.Bb5+ Nfd7
9.a4 O-O 10.Nf3 Na6 11.O-O Nb4 12.Re1 a6 13.Bc4 Re8 14.Be3 b6 15.Bf2 Ra7
16.Bh4 Bf6 17.Bg3 h5 18.h3 Bd4+ 19.Kh1 Qf6 20.e5 dxe5 21.Ne4 Qg7 22.Nd6 Rd8
23.fxe5 Bxb2 24.e6 Nf8 25.Nxf7 Rxf7 26.exf7+ Kh8 27.Re8 {#r} 1-0

[Event "Ch Russia (juniors) (under 18) (1 league)"]
[Site "masterchessopen.com - Dagomys (Russia)"]
[Round "2"]
[White "Barsamian Eduard (RUS)"]
[Black "Kamov Igor (RUS)"]
[Result "1-0"]
[WhiteElo "2137"]
[BlackElo "2260"]

1.d4 Nf6 2.c4 c5 3.d5 e6 4.Nc3 exd5 5.cxd5 d6 6.e4 g6 7.f4 Bg7 8.Bb5+ Nfd7
9.a4 O-O 10.Nf3 Na6 11.O-O Nc7 12.Bd3 a6 13.Re1 Re8 14.Be3 b6 15.Bf2 Rb8
16.Bh4 Bf6 17.Bg3 b5 18.axb5 axb5 19.e5 Be7 20.exd6 Bxd6 21.Ne4 Bf8 22.f5 Rb6
23.d6 Nd5 24.fxg6 hxg6 25.Bh4 f6 26.Bxb5 Rxb5 27.Qxd5+ Kh8 28.Qf7 Bg7 29.Qxg6
{#r} 1-0

[Event "It (open)"]
[Site "masterchessopen.com - Dubai (United Arab Emirates)"]
[Date "2008.04.06"]
[Round "1"]
[White "Kuzubov Yuriy (UKR)"]
[Black "Mohamed Hossein (UAE)"]
[Result "1-0"]
[WhiteElo "2622"]
[BlackElo "2193"]

1.d4 Nf6 2.c4 c5 3.d5 e6 4.Nc3 exd5 5.cxd5 d6 6.e4 g6 7.f4 Bg7 8.Bb5+ Nfd7
9.a4 O-O 10.Nf3 Na6 11.O-O Nb4 12.Re1 Re8 13.h3 a6 14.Bc4 b6 15.Be3 Bb7 16.Bf2
Rb8 17.Bh4 Qc7 18.Qd2 Ba8 19.Kh1 Qc8 20.e5 dxe5 21.Ne4 Rf8 22.fxe5 {#r} 1-0

[Event "Ch France (team) (nat.1) 2007/08"]
[Site "masterchessopen.com - France"]
[Date "2008.04.06"]
[Round "11"]
[White "Karr Jean-Philippe (FRA)"]
[Black "Tranchant Sebastien (FRA)"]
[Result "0-1"]
[WhiteElo "2388"]
[BlackElo "2267"]

1.d4 Nf6 2.c4 c5 3.d5 e6 4.Nc3 exd5 5.cxd5 d6 6.e4 g6 7.f4 Bg7 8.Bb5+ Nfd7
9.a4 O-O 10.Nf3 Na6 11.O-O Nb4 12.Re1 a6 13.Bf1 Re8 14.h3 b6 15.Be3 Nf6 16.Bf2
Bb7 17.Qd2 Rb8 18.Rad1 Ba8 19.Bh4 Qd7 20.e5 Nfxd5 21.Bc4 Nxc3 22.e6 fxe6
23.Rxe6 Ncd5 24.Rxe8+ Rxe8 25.Kh2 b5 26.axb5 axb5 27.Bf1 Ne3 {#R} 0-1

[Event "Tournament (qual)"]
[Site "masterchessopen.com - Cali (Colombia)"]
[Date "2008.05.01"]
[Round "1"]
[White "Rosales Daniel (COL)"]
[Black "Mendoza Rafael (COL)"]
[Result "0-1"]
[WhiteElo "2033"]
[BlackElo "2327"]

1.d4 Nf6 2.c4 e6 3.Nc3 c5 4.d5 exd5 5.cxd5 d6 6.e4 g6 7.f4 Bg7 8.Bb5+ Nfd7
9.a4 O-O 10.Nf3 Na6 11.O-O Nb4 12.h3 a6 13.Bc4 Re8 14.Re1 b6 15.Na2 Bb7
16.Nxb4 cxb4 17.Rb1 Rc8 18.b3 Nc5 19.Bd3 Rc7 20.Rb2 Nxd3 21.Qxd3 Rxc1 22.Rxc1
Bxb2 {#R} 0-1

[Event "It (juniors) \"]
[Site "masterchessopen.com - Yakutsk (Russia)"]
[Date "2008.07.07"]
[Round "3"]
[White "Kulkarni Rakesh (IND)"]
[Black "Sadykov Ramil (RUS)"]
[Result "1-0"]
[WhiteElo "2146"]
[BlackElo "2168"]

1.d4 Nf6 2.c4 c5 3.d5 e6 4.Nc3 exd5 5.cxd5 d6 6.e4 g6 7.f4 Bg7 8.Bb5+ Nfd7
9.a4 O-O 10.Nf3 Na6 11.O-O Nc7 12.Bd3 a6 13.Re1 Re8 14.Be3 Rb8 15.a5 b5
16.axb6 Rxb6 17.Qc2 Nb5 18.Bf2 Rb8 19.Rad1 Nxc3 20.bxc3 Qa5 21.e5 dxe5 22.fxe5
Nxe5 23.Nxe5 Bxe5 24.Bg3 Qc7 25.d6 Qxd6 26.Bb5 Bf5 27.Rxd6 Bxc2 28.Bxe8 Bxd6
29.Bxd6 Rc8 30.Re7 Bb3 31.Bd7 {#r} 1-0

[Event "Ch Greece (team)"]
[Site "masterchessopen.com - Kallithea (Greece)"]
[Date "2008.07.10"]
[Round "7"]
[White "Parginos Vassilios (GRE)"]
[Black "Filippas Sebastian (GRE)"]
[Result "1-0"]
[WhiteElo "2196"]
[BlackElo "2221"]

1.d4 Nf6 2.c4 e6 3.Nc3 c5 4.d5 exd5 5.cxd5 d6 6.e4 g6 7.f4 Bg7 8.Bb5+ Nfd7
9.a4 O-O 10.Nf3 Na6 11.O-O Nc7 12.Bc4 Nb6 13.Bd3 Bg4 14.h3 Bxf3 15.Qxf3 a6
16.Be3 Nd7 17.Rad1 Rb8 18.e5 dxe5 19.f5 Ne8 20.Ne4 Nef6 21.fxg6 fxg6 22.Ng5 e4
23.Bxe4 Ne5 24.Qe2 Nh5 25.Ne6 Ng3 26.Rxf8+ Bxf8 27.Qe1 Qh4 28.Bf4 {#r} 1-0

[Event "Ch Austria (qual)"]
[Site "masterchessopen.com - Leoben (Austria)"]
[Date "2008.07.21"]
[Round "3"]
[White "Haas Bernhard (AUT)"]
[Black "Denk Adolf (AUT)"]
[Result "0-1"]
[WhiteElo "2004"]
[BlackElo "2240"]

1.d4 Nf6 2.c4 e6 3.Nc3 c5 4.d5 exd5 5.cxd5 d6 6.e4 g6 7.f4 Bg7 8.Bb5+ Nfd7
9.a4 Qh4+ 10.g3 Qe7 11.Nge2 O-O 12.O-O Na6 13.Bxa6 bxa6 14.a5 Nf6 15.e5 dxe5
16.d6 Qb7 17.fxe5 Ng4 18.Nd5 Nxe5 19.Bg5 Bh3 20.Rf4 f5 21.Qd2 c4 22.Nec3 h6
23.Be7 g5 24.Rf2 Rf7 25.Nc7 Nd3 26.Ne6 Be5 27.Re2 f4 28.Rxe5 Nxe5 29.Nd4 f3
30.Qf2 Nd3 31.Qd2 f2+ {#R} 0-1

[Event "Ch Great Britain (Major Open)"]
[Site "masterchessopen.com - Liverpool (England)"]
[Date "2008.08.07"]
[Round "10"]
[White "Smith Graham M (ENG)"]
[Black "Lenier Jude (ENG)"]
[Result "1-0"]
[WhiteElo "2085"]
[BlackElo "1831"]

1.d4 Nf6 2.c4 c5 3.d5 e6 4.Nc3 exd5 5.cxd5 d6 6.e4 g6 7.f4 Bg7 8.Bb5+ Nfd7
9.a4 O-O 10.Nf3 Re8 11.Qc2 Na6 12.Bxa6 bxa6 13.O-O Rb8 14.Bd2 Nf6 15.h3 h5
16.Rab1 Rb4 17.Rfe1 Rb8 18.Rbd1 Nd7 19.Bc1 Bb7 20.g4 hxg4 21.hxg4 Nb6 22.Qh2
Qd7 23.f5 Nxa4 24.Nxa4 Qxa4 25.Ng5 gxf5 26.Qh7+ Kf8 27.Qxf5 Re7 28.Ne6+ Rxe6
29.dxe6 Bd4+ 30.Kg2 f6 31.Qg6 Ke7 32.Qf7+ Kd8 33.e7+ {#r} 1-0

[Event "It (open)"]
[Site "masterchessopen.com - Mislata (Spain)"]
[Date "2008.08.26"]
[Round "2"]
[White "Navarro Diaz Carles (ESP)"]
[Black "Castella Fausto (ESP)"]
[Result "0-1"]
[WhiteElo "2054"]
[BlackElo "2337"]

1.d4 Nf6 2.c4 c5 3.d5 e6 4.Nc3 exd5 5.cxd5 d6 6.e4 g6 7.f4 Bg7 8.Bb5+ Nfd7
9.a4 O-O 10.Nf3 Re8 11.Qc2 Na6 12.O-O Nb4 13.Qf2 a6 14.Bc4 Nf6 15.Qh4 Bg4
16.e5 Bxf3 17.Rxf3 Nd7 18.Qxd8 Raxd8 19.Be3 Nc2 20.Raf1 Nxe3 21.Rxe3 dxe5
22.d6 exf4 23.Rxe8+ Rxe8 24.Rxf4 Bd4+ 25.Kf1 Ne5 26.Bd5 Rd8 27.Ne4 Kg7 28.Ng5
Rxd6 29.Bxf7 Be3 30.Re4 Bxg5 {#R} 0-1

[Event "It (open)"]
[Site "masterchessopen.com - Herzeliya (Israel)"]
[Date "2008.09.11"]
[Round "8"]
[White "Idan Tomer (ISR)"]
[Black "Porat Maya (ISR)"]
[Result "1-0"]
[WhiteElo "2153"]
[BlackElo "2167"]

1.d4 Nf6 2.c4 c5 3.d5 e6 4.Nc3 exd5 5.cxd5 d6 6.e4 g6 7.f4 Bg7 8.Bb5+ Nfd7
9.a4 O-O 10.Nf3 Re8 11.O-O Na6 12.f5 Bf6 13.fxg6 hxg6 14.e5 dxe5 15.Ne4 Bg7
16.Nfg5 Rf8 17.Qg4 f5 18.Qh4 Nf6 19.Bc4 fxe4 20.d6+ {#r} 1-0

[Event "Ch France (team) (nat.1) 2008/09"]
[Site "masterchessopen.com - France"]
[Date "2008.12.14"]
[Round "5"]
[White "Terrieux Kevin (FRA)"]
[Black "Tranchant Sebastien (FRA)"]
[Result "1-0"]
[WhiteElo "2455"]
[BlackElo "2267"]

1.d4 Nf6 2.c4 c5 3.d5 e6 4.Nc3 exd5 5.cxd5 d6 6.e4 g6 7.f4 Bg7 8.Bb5+ Nfd7
9.a4 O-O 10.Nf3 Na6 11.O-O Nb4 12.Re1 a6 13.Bf1 Re8 14.h3 b6 15.Be3 Nf6 16.Bf2
Nh5 17.g3 Bb7 18.Qd2 Nf6 19.Nh2 h5 20.g4 hxg4 21.hxg4 g5 22.fxg5 Nd7 23.Nf3
Ne5 24.Nxe5 Bxe5 25.Kg2 Kg7 26.Be2 Kg6 27.Rh1 Rh8 28.Rxh8 Qxh8 29.Rh1 Qf8
30.Rh6+ Kg7 31.Nd1 {#r} 1-0

[Event "Ch Germany (juniors) (club) (under 20)"]
[Site "masterchessopen.com - Arendsee (Germany)"]
[Date "2008.12.27"]
[Round "1"]
[White "Iwanziw Niklas (GER)"]
[Black "Wiese Phil (GER)"]
[Result "0-1"]
[WhiteElo "1905"]
[BlackElo "1985"]

1.d4 Nf6 2.c4 c5 3.d5 e6 4.Nc3 exd5 5.cxd5 d6 6.e4 g6 7.f4 Bg7 8.Bb5+ Nfd7
9.a4 Na6 10.Nf3 O-O 11.O-O Nb4 12.Re1 Re8 13.e5 a6 14.Bxd7 Bxd7 15.Qb3 Bf5
16.e6 fxe6 17.dxe6 Qb6 18.Nd5 Nxd5 19.Qxd5 Qc6 20.Qxc6 bxc6 21.Ng5 h6 22.Nf7
Rxe6 23.Rxe6 Bxe6 24.Nxd6 Rd8 25.Ne4 Rd1+ 26.Kf2 Bd4+ 27.Kg3 Rd3+ 28.Kh4 Bf5
{#R} 0-1

[Event "Ch Germany (juniors) (club) (under 20)"]
[Site "masterchessopen.com - Arendsee (Germany)"]
[Date "2008.12.30"]
[Round "7"]
[White "Seifert Christopher (GER)"]
[Black "Zemella Christian (GER)"]
[Result "0-1"]
[WhiteElo "2089"]
[BlackElo "2109"]

1.d4 Nf6 2.c4 c5 3.d5 e6 4.Nc3 exd5 5.cxd5 d6 6.e4 g6 7.f4 Bg7 8.Bb5+ Nfd7
9.a4 O-O 10.Nf3 a6 11.Bd3 Qc7 12.O-O c4 13.Bc2 Nc5 14.h3 Nbd7 15.Re1 Re8
16.Qe2 Nb3 17.Bxb3 cxb3 18.Nd2 Nc5 19.Qc4 b5 20.Qf1 b4 21.Nd1 a5 22.Qf3 Ba6
23.Nxb3 Nd3 24.Rf1 Qc2 25.Nxa5 Qc5+ {#R} 0-1

[Event "Czech League 2008/09 (krajsky prebor)"]
[Site "masterchessopen.com - Czech Republic"]
[Date "2009.03.15"]
[Round "10"]
[White "Navratilik Pavel (CZE)"]
[Black "Vrtal Jaroslav"]
[Result "1-0"]
[WhiteElo "2164"]
[BlackElo "2155"]

1.d4 Nf6 2.c4 g6 3.Nc3 c5 4.d5 e6 5.e4 exd5 6.cxd5 d6 7.f4 Bg7 8.Bb5+ Nfd7
9.a4 O-O 10.Nf3 Na6 11.O-O Nc7 12.Bc4 Nf6 13.e5 Ng4 14.h3 Nh6 15.Ne4 Ne8
16.Be3 b6 17.Qd2 Qc7 18.Rad1 Bb7 19.Neg5 Nf5 20.Bf2 dxe5 21.fxe5 Bxe5 22.Nxe5
Qxe5 23.Rfe1 Qc7 24.Ne4 Nfd6 25.Bf1 Nxe4 26.Rxe4 Nf6 27.Rh4 Bxd5 28.Qg5 Qc6
29.Bg3 Rae8 30.Bb5 {#r} 1-0

[Event "Ch Thailand (open)"]
[Site "masterchessopen.com - Bangkok (Thailand)"]
[Date "2009.04.01"]
[Round "2"]
[White "Reilly Tim (AUS)"]
[Black "Gao Rui (CHN)"]
[Result "0-1"]
[WhiteElo "2288"]
[BlackElo "2491"]

1.d4 Nf6 2.c4 c5 3.d5 e6 4.Nc3 exd5 5.cxd5 d6 6.e4 g6 7.f4 Bg7 8.Bb5+ Nfd7
9.a4 O-O 10.Nf3 Na6 11.O-O Nc7 12.Be2 Re8 13.Nd2 f5 14.exf5 gxf5 15.Bf3 Nf6
16.Nc4 Rb8 17.Qc2 a6 18.Rb1 b5 19.Ne3 b4 20.Ne2 b3 21.Qd3 a5 22.Bd2 Qd7 23.Nc4
Ba6 24.Bxa5 Qxa4 25.Bxc7 Bxc4 26.Qxf5 Bxe2 27.Bxe2 Rb7 28.Bxd6 Rxe2 29.Qc8+
Ne8 30.Be5 Qd7 31.Qxc5 Rb5 32.Qc4 Rc2 33.Qe4 Qxd5 {#R} 0-1

[Event "It (open)"]
[Site "masterchessopen.com - La Roda (Spain)"]
[Date "2009.04.09"]
[Round "2"]
[White "Jimenez Martinez Jose Vicente (ESP)"]
[Black "Almeida Omar (CUB)"]
[Result "0-1"]
[WhiteElo "2235"]
[BlackElo "2524"]

1.d4 Nf6 2.c4 c5 3.d5 e6 4.Nc3 exd5 5.cxd5 d6 6.e4 g6 7.f4 Bg7 8.Bb5+ Nfd7
9.a4 O-O 10.Nf3 Na6 11.O-O Nb4 12.Re1 a6 13.Bf1 Re8 14.h3 Nf6 15.Bc4 Nd7
16.Bf1 f5 17.Ng5 Bd4+ 18.Be3 Nf6 19.Rc1 Bxe3+ 20.Rxe3 fxe4 21.Ngxe4 Bf5 22.Qe1
Bxe4 23.Nxe4 Nfxd5 24.Bc4 Kg7 25.Rd1 Nc2 26.Bxd5 Nxe1 27.Rdxe1 c4 28.Kh2 Qa5
29.Bxb7 Rab8 30.Bc6 Re7 31.Ng5 Qxe1 {#R} 0-1

[Event "Ch Colombia"]
[Site "masterchessopen.com - Buga (Colombia)"]
[Date "2009.06.05"]
[Round "5"]
[White "Ramirez Carlos (COL)"]
[Black "Ruiz Pablo (COL)"]
[Result "1-0"]
[WhiteElo "2268"]
[BlackElo "2271"]

1.d4 Nf6 2.c4 c5 3.d5 e6 4.Nc3 exd5 5.cxd5 g6 6.e4 d6 7.f4 Bg7 8.Bb5+ Nfd7
9.a4 O-O 10.Nf3 a6 11.Bd3 Nf6 12.O-O Qc7 13.f5 Nbd7 14.Qe1 Re8 15.Qh4 Rb8
16.e5 dxe5 17.fxg6 hxg6 18.Ng5 c4 19.Bxc4 b5 20.axb5 axb5 21.Bb3 Nf8 22.Be3
Rb7 23.d6 Qxd6 24.Nxf7 Rxf7 25.Ne4 Qd3 26.Nxf6+ {#r} 1-0

[Event "It (open)"]
[Site "masterchessopen.com - Las Vegas (USA)"]
[Date "2009.06.06"]
[Round "4"]
[White "Gurczak John (USA)"]
[Black "Aldama Degurnay (MEX)"]
[Result "0-1"]
[WhiteElo "2086"]
[BlackElo "2451"]

1.d4 Nf6 2.c4 e6 3.Nc3 c5 4.d5 exd5 5.cxd5 d6 6.e4 g6 7.f4 Bg7 8.Bb5+ Nfd7
9.a4 O-O 10.Nf3 Na6 11.O-O Nb4 12.Be3 a6 13.Be2 Re8 14.Bf2 Nf6 15.Bd3 Rb8
16.Re1 b5 17.axb5 Nxd3 18.Qxd3 axb5 19.Nxb5 Ng4 20.Bg3 Qb6 21.Nc3 {#R} 0-1